书目信息 |
| 题名: |
都市休闲运动
|
|
| 作者: | 吴志刚 , 吴颀 , 安康 编著 | |
| 分册: | ||
| 出版信息: | 广州 广东旅游出版社 2004 |
|
| 页数: | 81页 | |
| 开本: | 20x17cm | |
| 丛书名: | ||
| 单 册: | ||
| 中图分类: | G806 | |
| 科图分类: | ||
| 主题词: | 体育锻炼--基本知识 | |
| 电子资源: | ||
| ISBN: | 7-80653-462-8 | |
| 000 | 00882nam0 22002652 450 | |
| 001 | 192004002863 | |
| 005 | 20070914104248.62 | |
| 010 | @a7-80653-462-8@dCNY17.00 | |
| 100 | @a20070601d2004 ekmy0chiy0121 ea | |
| 101 | 0 | @achi |
| 102 | @aCN@b440000 | |
| 105 | @aa z 000yy | |
| 200 | 1 | @a都市休闲运动@Adu shi xiu xian yun dong@d= Leisure sports of city@f安康, 吴志刚, 吴颀编著@zeng |
| 210 | @a广州@c广东旅游出版社@d2004 | |
| 215 | @a81页@c图 (部分彩图)@d20x17cm | |
| 300 | @a并列题名:Leisure sports of city | |
| 330 | @a本书介绍了在都市中的各种休闲运动,如高尔夫球,网球等,以及运动的注意事项和有关此运动的相关知识。 | |
| 510 | 1 | @aLeisure sports of city@zeng |
| 606 | 0 | @a体育锻炼@x基本知识 |
| 690 | @aG806@v4 | |
| 701 | 0 | @a吴志刚@Awu zhi gang@4编著 |
| 701 | 0 | @a吴颀@Awu qi@4编著 |
| 701 | 0 | @a安康@Aan kang@4编著 |
| 801 | 0 | @aCN@c20070914 |
| 905 | @dG806@eA661 | |
| 都市休闲运动= Leisure sports of city/安康, 吴志刚, 吴颀编著.-广州:广东旅游出版社,2004 |
| 81页:图 (部分彩图);20x17cm |
| 并列题名:Leisure sports of city |
| ISBN 7-80653-462-8:CNY17.00 |
| 本书介绍了在都市中的各种休闲运动,如高尔夫球,网球等,以及运动的注意事项和有关此运动的相关知识。 |
| ● |
| 相关链接 |
|
|
|
正题名:都市休闲运动
索取号:G806/A661
 
预约/预借
| 序号 | 登录号 | 条形码 | 馆藏地/架位号 | 状态 | 备注 |
| 1 | 618121 | 206181219 | 社科库409/309社科库 34排4列5层/ [索取号:G806/A661] | 在馆 | |
| 2 | 618122 | 206181228 | 社科库409/409社科库 19排4列3层/ [索取号:G806/A661] | 在馆 | |
| 3 | 618123 | 206181237 | 社科库409/409社科库 19排4列3层/ [索取号:G806/A661] | 在馆 |